00470 2200169 4500001002100000008004100021035002000062245007800082100003400160260002500194300001100219084001400230082000800244650001200252990001800264990001800282INLIS000000000000489 ind  a0010-0724000489 a30 Dongeng Sebelum Tidur Untuk Anak MuslimcKidh Hidayat, Mb Rahimsyah Ar aKidh Hidayat, Mb Rahimsyah Ar aSurabayabMitra Umat a96 hlm a398 KID t a398 aFolklor aP29/CP/24/489 aP29/CP/24/489